1742 1023 1624 1785 1507 1330 1762 1306 1253 1639 1616 1185 1191 1512 1511 1417 1227 1333 1662 1735 1836 1706 1403 1086 1390 1010 1059 1716 1742 1067 1477 1505 1926 1555 1957 1756 1353 1390 1474 1412 1202 1871 1619 1513 1815 1614 1064 1996 1957 1578 1840 1706 1795 1950 1572 1133 1785 1036 1590 1765 1129 1696 1496 1183 1241 1366 1094 1273 1167 1158 1584 1514 1295 1772 1099 1290 1914 1422 1678 1863 1367 1999 1300 1352 1494 1206 1802 1446 1270 1984 1755 1599 1260 1078 1627 1856 1170 1457 1126 BCNSPRNW ULIB Ver.6.0+V

เปลี่ยนเป็นภาษาไทย

Change to English
 แสดงรายละเอียดบรรณานุกรม
  กลับหน้าหลัก

Brief Record : Get Marc (ISO 2709) : E-mail record : QR code < ปิดหน้าต่าง
LEADER : 00000nam 2200000uu 4500
001    13399110231
003     ULIB
008    110426s2544||||th 000 0 tha d
020    9747517841
060 04 WM29.5^bก346บ 2544
100 0  วิทยาลัยพยาบาลกองทัพบก.^bภาควิชาสุขภาพจิตและการพยาบาลจิตเวชศาสตร์
245 10 บทเรียนแบบโปรแกรม เรื่อง เทคนิคการสนทนาเพื่อการบำบัด /^cภาควิชาสุขภาพจิตและการพยาบาลจิตเวชศาสตร์ วิทยาลัยพยาบาลกองทัพบก
250    พิมพ์ครั้งที่ 2
260    กรุงเทพฯ :^bอรุณการพิมพ์,^c2544
300    จ, 141 แผ่น
504    บรรณานุกรม: แผ่น 137-138
650  2 Psychiatric nursing
650  2 Counseling
945    ^p120^l0^i015721
945    ^p120^l0^i015719
945    ^p120^l0^i015720
995    ทศพร
999 ^a ใช้งานได้ทุกระบบ
รายการนี้ยังไม่มีแท็ก
คุณยังไม่ได้ล็อกอิน คุณสามารถมีกิจกรรมร่วมกับเว็บไซต์ได้ แต่ต้องล็อกอินก่อน ::
  ล็อกอิน

รายการสื่อสารสนเทศ

ลำดับที่ ประเภท เลขเรียก/บาร์โค้ด สถานที่ สถานะ
- ไม่พบข้อมูล -

รายการใกล้เคียง
    หัวเรื่อง [Psychiatric nursing]
    หัวเรื่อง [Counseling]

BibComment


ยังไม่เคยถูกคอมเมนท์

คอมเมนท์ทรัพยากรรายการนี้
  คอมเมนท์: บทเรียนแบบโปรแกรม..


 Copyright 2026. Bcnsprnw @Library